[Event "Liberec Open 2018"]
[Site "Liberec CZE"]
[Date "2018.03.01"]
[Round "7.20"]
[White "Veselsky, Jan"]
[Black "Starzynski, Pawel"]
[Result "1-0"]
[WhiteElo "1657"]
[BlackElo "1453"]
[PlyCount "35"]
[EventDate "2018.02.24"]
[EventCountry "CZE"]
[SourceTitle "Ajedrez en Madrid"]
[Source "lmi"]
[SourceDate "2018.02.24"]

1. d4 Nf6 2. c4 g6 3. Nc3 Bg7 4. e4 d6 5. Nf3 O-O 6. Be2 Nbd7 7. O-O c5 8. d5
a6 9. h3 Ne8 10. Ne1 Nc7 11. Bf4 Re8 12. Nd3 b5 13. cxb5 axb5 14. a3 Bb7 15.
Qd2 Nb6 16. Qc2 Ra7 17. Nxc5 dxc5 18. Bxc7 1-0

[Event "Liberec Open 2018"]
[Site "Liberec CZE"]
[Date "2018.03.02"]
[Round "8.1"]
[White "Moravec, Vit"]
[Black "Plischki, Sebastian"]
[Result "0-1"]
[WhiteElo "2211"]
[BlackElo "2400"]
[PlyCount "94"]
[EventDate "2018.02.24"]
[EventCountry "CZE"]
[SourceTitle "Ajedrez en Madrid"]
[Source "lmi"]
[SourceDate "2018.02.24"]

1. d4 Nf6 2. c4 c5 3. Nf3 cxd4 4. Nxd4 Nc6 5. Nc3 e6 6. g3 Qb6 7. Nb3 Ne5 8. e4
Bb4 9. Qe2 Bxc3+ 10. bxc3 d6 11. f4 Ng6 12. Bg2 O-O 13. Be3 Qa6 14. c5 Qxe2+
15. Kxe2 d5 16. e5 Nd7 17. c4 dxc4 18. Na5 Rb8 19. Rab1 b6 20. Nc6 Rb7 21. Nd4
Nxc5 22. Bxb7 Bxb7 23. Nf3 Ne4 24. Bd4 Ne7 25. Rhc1 Rc8 26. Nd2 Nxd2 27. Kxd2
Be4 28. Rb4 Bd5 29. a4 Nc6 30. Rbxc4 Bxc4 31. Rxc4 Kf8 32. a5 b5 33. Rc3 a6 34.
Bb6 Ne7 35. Rxc8+ Nxc8 36. Kc3 Ke8 37. Kb4 Kd7 38. Bc5 Ne7 39. Bd6 Nc6+ 40. Kc5
Nxa5 41. Bf8 g6 42. Kb6 Nc4+ 43. Kxa6 Kc6 44. Be7 Ne3 45. Ka5 Nf1 46. Kb4 Nxh2
47. Bc5 h5 0-1

[Event "Liberec Open 2018"]
[Site "Liberec CZE"]
[Date "2018.03.02"]
[Round "8.2"]
[White "Jedynak, Radoslaw"]
[Black "Balinski, Damian"]
[Result "1-0"]
[WhiteElo "2342"]
[BlackElo "2164"]
[PlyCount "102"]
[EventDate "2018.02.24"]
[EventCountry "CZE"]
[SourceTitle "Ajedrez en Madrid"]
[Source "lmi"]
[SourceDate "2018.02.24"]

1. d4 Nf6 2. Nf3 g6 3. c4 Bg7 4. Nc3 O-O 5. e4 d6 6. Be2 Na6 7. O-O e5 8. Be3
Ng4 9. Bg5 Qe8 10. dxe5 dxe5 11. h3 f6 12. Bd2 Nh6 13. c5 Nxc5 14. Qc1 Nf7 15.
Nd5 Ne6 16. Nxc7 Nxc7 17. Qxc7 Nd8 18. b4 Rf7 19. Qc3 Be6 20. Rfc1 a6 21. Be3
Rd7 22. a4 Nf7 23. b5 f5 24. bxa6 bxa6 25. Nd2 Nd6 26. f3 h5 27. Nc4 fxe4 28.
Nxd6 Rxd6 29. fxe4 Kh7 30. a5 Rc8 31. Qb4 Rdc6 32. Rxc6 Rxc6 33. Rd1 Qc8 34.
Qe7 Qf8 35. Qb7 Qc8 36. Qa7 Kg8 37. Kh2 Bf6 38. Rb1 Qd7 39. Rb8+ Rc8 40. Rxc8+
Qxc8 41. Qxa6 Bd8 42. Qxc8 Bxc8 43. Bb6 Be7 44. a6 Bxa6 45. Bxa6 Ba3 46. Be3
Kf7 47. Bg5 Bb2 48. Bc4+ Kg7 49. Kg3 Ba1 50. Bd5 Bb2 51. Kf3 Bc3 1-0

[Event "Liberec Open 2018"]
[Site "Liberec CZE"]
[Date "2018.03.02"]
[Round "8.3"]
[White "Chakravarthi Reddy, M."]
[Black "Saglam, Buelent"]
[Result "1-0"]
[WhiteElo "2380"]
[BlackElo "2083"]
[PlyCount "33"]
[EventDate "2018.02.24"]
[EventCountry "CZE"]
[SourceTitle "Ajedrez en Madrid"]
[Source "lmi"]
[SourceDate "2018.02.24"]

1. d4 d5 2. c4 c6 3. Nf3 e6 4. Nc3 Nf6 5. Bg5 h6 6. Bh4 dxc4 7. e4 g5 8. Bg3 b5
9. h4 g4 10. Ne5 Bb4 11. f3 gxf3 12. Qxf3 Qxd4 13. Qxf6 Bxc3+ 14. bxc3 Qe3+ 15.
Kd1 Qxg3 16. Qxh8+ Ke7 17. Rh3 1-0

[Event "Liberec Open 2018"]
[Site "Liberec CZE"]
[Date "2018.03.02"]
[Round "8.4"]
[White "Parligras, Cosmin"]
[Black "Ochedzan, Tymon"]
[Result "1/2-1/2"]
[WhiteElo "2214"]
[BlackElo "1979"]
[PlyCount "142"]
[EventDate "2018.02.24"]
[EventCountry "CZE"]
[SourceTitle "Ajedrez en Madrid"]
[Source "lmi"]
[SourceDate "2018.02.24"]

1. e4 c5 2. Nc3 Nc6 3. Bb5 Nd4 4. Bc4 g6 5. Nf3 Bg7 6. Nxd4 cxd4 7. Qf3 e6 8.
Nb5 Be5 9. c3 a6 10. Nxd4 Ne7 11. Ne2 d5 12. Bb3 O-O 13. d4 Bg7 14. O-O b5 15.
Bg5 f6 16. Bd2 Bb7 17. Nf4 Qd6 18. exd5 Nxd5 19. Bxd5 exd5 20. Nd3 Rae8 21.
Rfe1 g5 22. Re2 Rxe2 23. Qxe2 Bc6 24. Re1 Re8 25. Qd1 Rxe1+ 26. Qxe1 Bf8 27.
Nc5 Bd7 28. Qe2 Qc6 29. Nxd7 Qxd7 30. Qf3 Be7 31. g4 Kg7 32. Kg2 h6 33. Qf5
Qxf5 34. gxf5 h5 35. h3 Kf7 36. Kf3 Ke8 37. Ke2 Kd7 38. Kd3 Kc6 39. b3 Bf8 40.
a4 Be7 41. axb5+ axb5 42. c4 bxc4+ 43. bxc4 dxc4+ 44. Kxc4 g4 45. h4 Bd6 46.
d5+ Kd7 47. Bc3 Be7 48. Bb4 Bd8 49. Kd4 Bc7 50. Ke4 Bb6 51. Bc3 Bd8 52. Bb2 Kd6
53. Ba3+ Kd7 54. Bc5 Bc7 55. Bd4 Bd8 56. Bc5 Bc7 57. f3 gxf3 58. Kxf3 Ba5 59.
Bd4 Bd8 60. Ke4 Kd6 61. Bb2 Kd7 62. Kd4 Bb6+ 63. Kc4 Bd8 64. Bd4 Kd6 65. Bc3
Kd7 66. Kd4 Bb6+ 67. Ke4 Bd8 68. Bb4 Bc7 69. Kf3 Bd8 70. Bf8 Ba5 71. Bg7 Bd8
1/2-1/2

[Event "Liberec Open 2018"]
[Site "Liberec CZE"]
[Date "2018.03.02"]
[Round "8.5"]
[White "Dzikowski, Michal"]
[Black "Kotva, Milan"]
[Result "1-0"]
[WhiteElo "2158"]
[BlackElo "1931"]
[PlyCount "80"]
[EventDate "2018.02.24"]
[EventCountry "CZE"]
[SourceTitle "Ajedrez en Madrid"]
[Source "lmi"]
[SourceDate "2018.02.24"]

1. d4 d5 2. c4 e6 3. Nf3 Nf6 4. g3 c6 5. Bg2 Be7 6. O-O O-O 7. Qc2 a6 8. a4 a5
9. Bf4 Na6 10. Rd1 Nb4 11. Qb3 b6 12. Nbd2 Ba6 13. Ne5 Nh5 14. Rac1 Nxf4 15.
gxf4 f5 16. Nd3 Rf6 17. Nxb4 Bxb4 18. Qe3 Rc8 19. b3 Bb7 20. Nf3 c5 21. Ne5
cxd4 22. Qxd4 Bc5 23. Qd3 Ba3 24. Rc2 Rc5 25. cxd5 Rxd5 26. Bxd5 Bxd5 27. Qb5
Rh6 28. Qc6 Bf8 29. Qb7 Bc5 30. Rxd5 exd5 31. Qf7+ Kh8 32. Qxf5 Kg8 33. e3 Rf6
34. Qd7 Qxd7 35. Nxd7 Rg6+ 36. Kf1 Rc6 37. Nxb6 Rxb6 38. Rxc5 d4 39. Rb5 Rd6
40. exd4 Rxd4 1-0

[Event "Liberec Open 2018"]
[Site "Liberec CZE"]
[Date "2018.03.02"]
[Round "8.6"]
[White "Czarniecka, Aleksandra"]
[Black "Cakl, Zdenek"]
[Result "1/2-1/2"]
[WhiteElo "1964"]
[BlackElo "2064"]
[PlyCount "55"]
[EventDate "2018.02.24"]
[EventCountry "CZE"]
[SourceTitle "Ajedrez en Madrid"]
[Source "lmi"]
[SourceDate "2018.02.24"]

1. e4 c5 2. Nf3 d6 3. d4 cxd4 4. Nxd4 Nf6 5. Nc3 g6 6. Be3 Bg7 7. f3 Nc6 8. Qd2
O-O 9. Bc4 Bd7 10. O-O-O Na5 11. Bb3 Rb8 12. h4 b5 13. Bh6 Nxb3+ 14. cxb3 Bxh6
15. Qxh6 b4 16. Nd5 Nxd5 17. exd5 Qa5 18. h5 Qxd5 19. hxg6 Rfc8+ 20. Kb1 Bf5+
21. Nxf5 Qxf5+ 22. Ka1 Qxg6 23. Qe3 Rc7 24. Rd4 Kf8 25. Rg4 Qf6 26. Rf4 Qg6 27.
Rg4 Qf6 28. Rf4 1/2-1/2

[Event "Liberec Open 2018"]
[Site "Liberec CZE"]
[Date "2018.03.02"]
[Round "8.7"]
[White "Steiner, Bruno"]
[Black "Strzelecki, Jerzy"]
[Result "0-1"]
[WhiteElo "2150"]
[BlackElo "2019"]
[PlyCount "96"]
[EventDate "2018.02.24"]
[EventCountry "CZE"]
[SourceTitle "Ajedrez en Madrid"]
[Source "lmi"]
[SourceDate "2018.02.24"]

1. e3 Nf6 2. Nf3 g6 3. d4 Bg7 4. c4 O-O 5. Be2 c5 6. d5 d6 7. Nc3 e6 8. O-O
exd5 9. cxd5 Re8 10. Nd2 a6 11. a4 Nbd7 12. Nc4 Ne5 13. Na3 Rb8 14. h3 Ned7 15.
f4 Ne4 16. Nxe4 Rxe4 17. Bd3 Re8 18. Qf3 f5 19. Nc4 Nf6 20. a5 Qe7 21. Ra3 Bd7
22. Nb6 Bb5 23. Rd1 Nd7 24. Nxd7 Qxd7 25. Kh2 b6 26. Bc2 bxa5 27. g4 fxg4 28.
hxg4 Rf8 29. Kg2 Qe7 30. Rh1 Bd7 31. b3 a4 32. Rxa4 Bxa4 33. bxa4 Bb2 34. Bd2
Qg7 35. e4 Bd4 36. g5 Rb2 37. Qd3 Qf7 38. Kg3 Qe7 39. Bd1 Rfb8 40. Re1 Bg7 41.
Bc1 R2b4 42. Qc2 c4 43. Bg4 Rb3+ 44. Re3 Rxe3+ 45. Bxe3 Rb3 46. Be6+ Kf8 47.
Kf2 Rb2 48. Qxb2 Bxb2 0-1

[Event "Liberec Open 2018"]
[Site "Liberec CZE"]
[Date "2018.03.02"]
[Round "8.8"]
[White "Grzesik, Norbert"]
[Black "Certek, Pavel"]
[Result "0-1"]
[WhiteElo "1996"]
[BlackElo "2256"]
[PlyCount "50"]
[EventDate "2018.02.24"]
[EventCountry "CZE"]
[SourceTitle "Ajedrez en Madrid"]
[Source "lmi"]
[SourceDate "2018.02.24"]

1. e4 c5 2. Nf3 g6 3. d4 cxd4 4. Nxd4 Nc6 5. c4 Bg7 6. Be3 Nf6 7. Nc3 O-O 8.
Be2 b6 9. O-O Bb7 10. Nxc6 dxc6 11. e5 Nd7 12. f4 f6 13. e6 Nc5 14. Bxc5 bxc5
15. f5 gxf5 16. Qc2 Qd4+ 17. Kh1 f4 18. Qf5 Rad8 19. Rxf4 Qe5 20. Bd3 Rxd3 21.
Qxd3 Qxf4 22. Qd7 Bc8 23. Qxe7 Qe5 24. Rd1 Bxe6 25. b3 Bg4 0-1

[Event "Liberec Open 2018"]
[Site "Liberec CZE"]
[Date "2018.03.02"]
[Round "8.9"]
[White "Vitak, Jiri"]
[Black "Bednar, Marcel"]
[Result "1/2-1/2"]
[WhiteElo "1968"]
[BlackElo "2246"]
[PlyCount "48"]
[EventDate "2018.02.24"]
[EventCountry "CZE"]
[SourceTitle "Ajedrez en Madrid"]
[Source "lmi"]
[SourceDate "2018.02.24"]

1. d4 Nf6 2. c4 c5 3. Nf3 g6 4. Nc3 Bg7 5. e4 d6 6. Be2 O-O 7. O-O cxd4 8. Nxd4
a6 9. Be3 Nbd7 10. Qd2 Nc5 11. f3 Re8 12. Rfd1 b6 13. Rac1 Bb7 14. Bf1 Rc8 15.
Qf2 e6 16. Nc2 Qc7 17. Na3 Qb8 18. b4 Ncd7 19. Na4 d5 20. exd5 b5 21. Nc5 Nxc5
22. bxc5 b4 23. Rb1 exd5 24. Rxb4 Rxe3 1/2-1/2

[Event "Liberec Open 2018"]
[Site "Liberec CZE"]
[Date "2018.03.02"]
[Round "8.10"]
[White "Wiley, Thomas"]
[Black "Polansky, Adam Lubos"]
[Result "1-0"]
[WhiteElo "2190"]
[BlackElo "1949"]
[PlyCount "73"]
[EventDate "2018.02.24"]
[EventCountry "CZE"]
[SourceTitle "Ajedrez en Madrid"]
[Source "lmi"]
[SourceDate "2018.02.24"]

1. d4 Nf6 2. c4 e6 3. Nc3 d5 4. cxd5 exd5 5. Bg5 c6 6. e3 Be7 7. Bd3 Nbd7 8.
Nf3 h6 9. Bh4 Nh5 10. Bxe7 Qxe7 11. O-O O-O 12. Rb1 a5 13. a3 Nb6 14. b4 Nc4
15. Bxc4 dxc4 16. Ne5 Qg5 17. f4 Qh4 18. Nxc4 Bg4 19. Qe1 Qe7 20. Nxa5 Rfe8 21.
e4 Nf6 22. e5 Nd5 23. Nxd5 cxd5 24. f5 Qg5 25. Qg3 b6 26. Nb7 Be2 27. Qxg5 hxg5
28. Rf2 Bd3 29. Rb3 Bc4 30. Re3 Re7 31. Nd6 Rd8 32. Nxc4 dxc4 33. Rd2 c3 34.
Rxc3 Rxe5 35. dxe5 Rxd2 36. Rc8+ Kh7 37. Rb8 1-0

[Event "Liberec Open 2018"]
[Site "Liberec CZE"]
[Date "2018.03.02"]
[Round "8.11"]
[White "Tesar, Jan"]
[Black "Zeleny, Tomas"]
[Result "1-0"]
[WhiteElo "2044"]
[BlackElo "1752"]
[PlyCount "55"]
[EventDate "2018.02.24"]
[EventCountry "CZE"]
[SourceTitle "Ajedrez en Madrid"]
[Source "lmi"]
[SourceDate "2018.02.24"]

1. c4 Nf6 2. Nc3 c6 3. e4 d5 4. cxd5 cxd5 5. e5 d4 6. exf6 dxc3 7. bxc3 exf6 8.
Bc4 Be7 9. Ne2 Nc6 10. d4 O-O 11. O-O Bf5 12. Ng3 Bg6 13. h4 Na5 14. Be2 h6 15.
h5 Bh7 16. Bd3 Re8 17. Bxh7+ Kxh7 18. Qd3+ Kh8 19. Nf5 Qd5 20. Bf4 Bf8 21. Rab1
b6 22. Rb5 Qe4 23. Qg3 a6 24. Bd6 g6 25. hxg6 Bxd6 26. Nxd6 Qc6 27. Rh5 Rg8 28.
Rxh6+ 1-0

[Event "Liberec Open 2018"]
[Site "Liberec CZE"]
[Date "2018.03.02"]
[Round "8.12"]
[White "Hlavina, Matous"]
[Black "Buchcar, Tomas"]
[Result "0-1"]
[WhiteElo "1820"]
[BlackElo "2151"]
[PlyCount "68"]
[EventDate "2018.02.24"]
[EventCountry "CZE"]
[SourceTitle "Ajedrez en Madrid"]
[Source "lmi"]
[SourceDate "2018.02.24"]

1. e4 c5 2. Nf3 e6 3. d4 cxd4 4. Nxd4 a6 5. Bd3 Nf6 6. O-O d6 7. Qe2 Qc7 8. f4
Nbd7 9. c4 Be7 10. b3 b6 11. Bb2 Bb7 12. Nc3 O-O 13. Rae1 Rfe8 14. Kh1 e5 15.
Nf5 exf4 16. Nd5 Bxd5 17. exd5 Bf8 18. Qf2 Ne5 19. Bb1 Nh5 20. Qh4 g6 21. Bc2
Qd8 22. Qh3 Qg5 23. Bd1 Nf6 24. Nd4 Nfg4 25. Bc1 Nd3 26. Qxd3 Rxe1 27. Bxg4
Rxf1+ 28. Qxf1 Qxg4 29. Nf3 Qf5 30. Qe2 Qb1 31. Qd2 Re8 32. Qxf4 Qxa2 33. Qh4
Qxb3 34. Ng5 Qd1+ 0-1

[Event "Liberec Open 2018"]
[Site "Liberec CZE"]
[Date "2018.03.02"]
[Round "8.13"]
[White "Reinhardt, Michael"]
[Black "Zochowski, Janusz"]
[Result "0-1"]
[WhiteElo "1749"]
[BlackElo "1929"]
[PlyCount "46"]
[EventDate "2018.02.24"]
[EventCountry "CZE"]
[SourceTitle "Ajedrez en Madrid"]
[Source "lmi"]
[SourceDate "2018.02.24"]

1. d4 d5 2. c4 c6 3. Nf3 Nf6 4. Nc3 dxc4 5. a4 Bf5 6. e3 e6 7. Bxc4 Bb4 8. O-O
O-O 9. Bd3 Bxd3 10. Qxd3 c5 11. Qc4 Na6 12. Bd2 Rc8 13. Qe2 cxd4 14. Nxd4 Nc5
15. Nc2 Ba5 16. b4 Nb3 17. bxa5 Qxd2 18. Qxd2 Nxd2 19. Rfd1 Nb3 20. Ra3 Rxc3
21. Na1 Rc1 22. Rxc1 Nxc1 23. Kf1 Rd8 0-1

[Event "Liberec Open 2018"]
[Site "Liberec CZE"]
[Date "2018.03.02"]
[Round "8.14"]
[White "Szalko, Maciej"]
[Black "Vetter, Udo"]
[Result "1-0"]
[WhiteElo "1840"]
[BlackElo "1454"]
[PlyCount "85"]
[EventDate "2018.02.24"]
[EventCountry "CZE"]
[SourceTitle "Ajedrez en Madrid"]
[Source "lmi"]
[SourceDate "2018.02.24"]

1. d4 Nf6 2. Nf3 d5 3. c4 e6 4. g3 g6 5. Bg2 Bg7 6. O-O O-O 7. Qc2 c6 8. Rd1
Nbd7 9. Nbd2 Nb6 10. b3 Re8 11. Bb2 Nbd7 12. Rac1 Ng4 13. e4 dxe4 14. Nxe4 Ndf6
15. Ned2 Nd7 16. h3 Nh6 17. c5 Nf6 18. Nc4 Nd5 19. Re1 Nf5 20. Rcd1 Bh6 21.
Nfe5 f6 22. Ng4 Bg7 23. Re2 Qc7 24. Rde1 h5 25. Nh2 Kh7 26. Be4 Nfe7 27. Bf3 f5
28. Nd6 Rf8 29. Nxc8 Raxc8 30. Rxe6 Kg8 31. Bxd5 Nxd5 32. Rxg6 Qf7 33. Rg5 f4
34. Nf3 fxg3 35. Rxg3 Kh8 36. Ne5 Bxe5 37. dxe5 Qe6 38. Qg6 Qxg6 39. Rxg6 Kh7
40. Rg3 Rg8 41. Re4 Rcf8 42. e6 Ne7 43. Be5 1-0

[Event "Liberec Open 2018"]
[Site "Liberec CZE"]
[Date "2018.03.02"]
[Round "8.15"]
[White "Miozga, Tomasz"]
[Black "Vorsilka, Jiri"]
[Result "1-0"]
[WhiteElo "1976"]
[BlackElo "1608"]
[PlyCount "35"]
[EventDate "2018.02.24"]
[EventCountry "CZE"]
[SourceTitle "Ajedrez en Madrid"]
[Source "lmi"]
[SourceDate "2018.02.24"]

1. c4 Nf6 2. Nc3 d5 3. d4 g6 4. Nf3 Bg7 5. Bf4 c6 6. e3 O-O 7. cxd5 cxd5 8. Be2
Bg4 9. h3 Bxf3 10. Bxf3 Nc6 11. O-O Rc8 12. Rc1 a6 13. Qd2 b5 14. b3 b4 15. Na4
a5 16. Qd3 Na7 17. Qa6 Rc7 18. Bxc7 1-0

[Event "Liberec Open 2018"]
[Site "Liberec CZE"]
[Date "2018.03.02"]
[Round "8.16"]
[White "Starzynski, Waldemar"]
[Black "Koubova, Anna Marie"]
[Result "1/2-1/2"]
[WhiteElo "1716"]
[BlackElo "1945"]
[PlyCount "79"]
[EventDate "2018.02.24"]
[EventCountry "CZE"]
[SourceTitle "Ajedrez en Madrid"]
[Source "lmi"]
[SourceDate "2018.02.24"]

1. e4 c5 2. Nf3 e6 3. d4 cxd4 4. Nxd4 Nf6 5. Nc3 Nc6 6. Be2 Bb4 7. Bf3 d5 8.
Nxc6 bxc6 9. exd5 cxd5 10. O-O O-O 11. Bf4 Ba6 12. Be2 Qa5 13. Bxa6 Qxa6 14.
Ne2 Rfe8 15. c3 Bc5 16. Be5 Ng4 17. Bd4 Bd6 18. Ng3 Ne5 19. f4 Nc4 20. Qg4 e5
21. Nh5 Bf8 22. fxe5 Nxe5 23. Bxe5 Rxe5 24. Nf6+ Kh8 25. Nd7 Re7 26. Nxf8 Rxf8
27. Qd4 Rd8 28. a3 Re4 29. Qf2 f6 30. Rfe1 Rde8 31. Rad1 h6 32. g3 Re2 33. Rxe2
Rxe2 34. Qc5 Rxb2 35. Qxd5 Qb6+ 36. Rd4 Rd2 37. Qa8+ Kh7 38. Qe4+ Kg8 39. Qa8+
Kh7 40. Qe4+ 1/2-1/2

[Event "Liberec Open 2018"]
[Site "Liberec CZE"]
[Date "2018.03.02"]
[Round "8.17"]
[White "Slivka, David"]
[Black "Finek, Vaclav"]
[Result "1-0"]
[WhiteElo "1807"]
[BlackElo "1599"]
[PlyCount "63"]
[EventDate "2018.02.24"]
[EventCountry "CZE"]
[SourceTitle "Ajedrez en Madrid"]
[Source "lmi"]
[SourceDate "2018.02.24"]

1. d4 d5 2. c4 c6 3. Nc3 Nf6 4. Nf3 e6 5. Bg5 Be7 6. e3 Nbd7 7. Bd3 h6 8. Bh4
O-O 9. O-O a6 10. a4 dxc4 11. Bxc4 Ne8 12. Bg3 b6 13. e4 Nd6 14. Bd3 Bb7 15.
Re1 b5 16. b4 Nb6 17. a5 Nd7 18. Qb3 Re8 19. Rad1 Bf8 20. e5 Nc8 21. Ne4 Qc7
22. Bb1 Qd8 23. h4 h5 24. Nfg5 Qe7 25. Nd6 Nxd6 26. exd6 Qf6 27. Be5 Qh6 28.
Bh7+ Qxh7 29. Nxh7 Kxh7 30. Qf3 Kg8 31. Qxh5 g6 32. Qh8# 1-0

[Event "Liberec Open 2018"]
[Site "Liberec CZE"]
[Date "2018.03.02"]
[Round "8.18"]
[White "Ruzicka, Vaclav"]
[Black "Mezykowska, Emilia"]
[Result "0-1"]
[WhiteElo "1614"]
[BlackElo "1260"]
[PlyCount "44"]
[EventDate "2018.02.24"]
[EventCountry "CZE"]
[SourceTitle "Ajedrez en Madrid"]
[Source "lmi"]
[SourceDate "2018.02.24"]

1. c4 e5 2. g3 Nf6 3. Bg2 c6 4. Nc3 d5 5. cxd5 cxd5 6. d4 exd4 7. Qxd4 Nc6 8.
Qa4 d4 9. Ne4 Bb4+ 10. Bd2 Bxd2+ 11. Nxd2 O-O 12. Ngf3 Re8 13. Qc4 Qe7 14. Bf1
Ne4 15. Nxe4 Qxe4 16. O-O-O Bf5 17. Qd3 Nb4 18. Qxe4 Rac8+ 19. Kd2 Bxe4 20. a3
Rc2+ 21. Ke1 Bxf3 22. Rg1 Bxe2 0-1

[Event "Liberec Open 2018"]
[Site "Liberec CZE"]
[Date "2018.03.02"]
[Round "8.19"]
[White "Krueger, Thomas"]
[Black "Wrzecionko, David"]
[Result "1-0"]
[WhiteElo "1593"]
[BlackElo "1537"]
[PlyCount "49"]
[EventDate "2018.02.24"]
[EventCountry "CZE"]
[SourceTitle "Ajedrez en Madrid"]
[Source "lmi"]
[SourceDate "2018.02.24"]

1. d4 d5 2. Nf3 Nf6 3. e3 e6 4. Bd3 Bd7 5. Nbd2 Bd6 6. O-O O-O 7. Re1 Nc6 8. c3
e5 9. e4 dxe4 10. Nxe4 Nxe4 11. Bxe4 exd4 12. cxd4 h6 13. Bd2 Rb8 14. a3 Qc8
15. Bc3 Ne7 16. d5 Bf5 17. Qd4 f6 18. Nh4 Bxe4 19. Qxe4 Qd7 20. Qf3 Nxd5 21.
Qxd5+ Kh8 22. Ng6+ Kh7 23. Nxf8+ Rxf8 24. Qe6 Qa4 25. Qe4+ 1-0

[Event "Liberec Open 2018"]
[Site "Liberec CZE"]
[Date "2018.03.03"]
[Round "9.1"]
[White "Chakravarthi Reddy, M."]
[Black "Jedynak, Radoslaw"]
[Result "1/2-1/2"]
[WhiteElo "2380"]
[BlackElo "2342"]
[PlyCount "38"]
[EventDate "2018.02.24"]
[EventCountry "CZE"]
[SourceTitle "Ajedrez en Madrid"]
[Source "lmi"]
[SourceDate "2018.02.24"]

1. d4 Nf6 2. c4 e6 3. Nf3 d5 4. Nc3 dxc4 5. e3 a6 6. Bxc4 b5 7. Bd3 Bb7 8. O-O
c5 9. dxc5 Bxc5 10. a3 Nbd7 11. b4 Be7 12. Bb2 O-O 13. Qe2 Bxf3 14. gxf3 Ne5
15. Rfd1 Nxd3 16. Rxd3 Qb6 17. Rad1 Rfd8 18. Rxd8+ Rxd8 19. Rxd8+ Qxd8 1/2-1/2

[Event "Liberec Open 2018"]
[Site "Liberec CZE"]
[Date "2018.03.03"]
[Round "9.2"]
[White "Plischki, Sebastian"]
[Black "Dzikowski, Michal"]
[Result "1-0"]
[WhiteElo "2400"]
[BlackElo "2158"]
[PlyCount "65"]
[EventDate "2018.02.24"]
[EventCountry "CZE"]
[SourceTitle "Ajedrez en Madrid"]
[Source "lmi"]
[SourceDate "2018.02.24"]

1. d4 d5 2. c4 e6 3. Nf3 Nf6 4. g3 Nbd7 5. Bg2 Be7 6. O-O O-O 7. Qc2 c6 8. Nbd2
b6 9. e4 dxe4 10. Nxe4 Nxe4 11. Qxe4 Bb7 12. Rd1 Nf6 13. Qc2 Qc8 14. Bg5 c5 15.
d5 Rd8 16. Re1 h6 17. Bd2 Bf8 18. dxe6 fxe6 19. Bc3 Qc7 20. Bxf6 gxf6 21. Rxe6
Qf7 22. Re2 Re8 23. Nh4 Bxg2 24. Kxg2 Re5 25. Rxe5 fxe5 26. Rd1 Bg7 27. Qe4 Rf8
28. f3 b5 29. b3 bxc4 30. bxc4 Rb8 31. Rd2 Qb7 32. Rd8+ Kf7 33. Qg6+ 1-0

[Event "Liberec Open 2018"]
[Site "Liberec CZE"]
[Date "2018.03.03"]
[Round "9.3"]
[White "Strzelecki, Jerzy"]
[Black "Ochedzan, Tymon"]
[Result "0-1"]
[WhiteElo "2019"]
[BlackElo "1979"]
[PlyCount "42"]
[EventDate "2018.02.24"]
[EventCountry "CZE"]
[SourceTitle "Ajedrez en Madrid"]
[Source "lmi"]
[SourceDate "2018.02.24"]

1. c4 Nf6 2. Nc3 g6 3. d4 Bg7 4. e4 d6 5. f3 O-O 6. Be3 c5 7. d5 e6 8. Qd2 exd5
9. cxd5 Re8 10. Be2 Na6 11. h4 h5 12. Nh3 Bxh3 13. Rxh3 Nc7 14. Kf2 a6 15. a4
b6 16. Rhh1 Qd7 17. Ra2 b5 18. Rha1 b4 19. Nd1 Rxe4 20. Bd3 Ree8 21. Bc4 Qf5
0-1

[Event "Liberec Open 2018"]
[Site "Liberec CZE"]
[Date "2018.03.03"]
[Round "9.4"]
[White "Certek, Pavel"]
[Black "Tesar, Jan"]
[Result "1/2-1/2"]
[WhiteElo "2256"]
[BlackElo "2044"]
[PlyCount "108"]
[EventDate "2018.02.24"]
[EventCountry "CZE"]
[SourceTitle "Ajedrez en Madrid"]
[Source "lmi"]
[SourceDate "2018.02.24"]

1. d4 d5 2. Nf3 Nc6 3. g3 Bf5 4. Bg2 Qd7 5. h3 O-O-O 6. a3 f6 7. g4 Bg6 8. Bf4
e6 9. Nc3 Bd6 10. Bxd6 Qxd6 11. Qd2 Nge7 12. Nh4 Bf7 13. e3 h5 14. O-O-O g5 15.
Nf3 Na5 16. Na4 Nc4 17. Qb4 Nc6 18. Qxd6 cxd6 19. Nc3 Bg6 20. Nd2 Nxd2 21. Kxd2
Kb8 22. Rdg1 Rc8 23. Bf1 a6 24. Be2 Rc7 25. h4 hxg4 26. hxg5 Rxh1 27. Rxh1 f5
28. f3 gxf3 29. Bxf3 f4 30. Rh6 fxe3+ 31. Kxe3 Rg7 32. Bg4 e5 33. Nxd5 Nxd4 34.
c3 Nf5+ 35. Bxf5 Bxf5 36. Rxd6 Rxg5 37. Rd8+ Ka7 38. Ne7 Bh3 39. c4 Rg3+ 40.
Ke4 Rg2 41. Rh8 Bd7 42. b4 Ra2 43. Kxe5 Rxa3 44. Rd8 Bh3 45. Nd5 Bg2 46. Ne7
Re3+ 47. Kd6 Rd3+ 48. Kc7 Rxd8 49. Kxd8 b6 50. Kc7 Bb7 51. Nc6+ Bxc6 52. Kxc6
b5 53. c5 a5 54. Kxb5 axb4 1/2-1/2

[Event "Liberec Open 2018"]
[Site "Liberec CZE"]
[Date "2018.03.03"]
[Round "9.5"]
[White "Parligras, Cosmin"]
[Black "Gurack, Daniel"]
[Result "1-0"]
[WhiteElo "2214"]
[BlackElo "2084"]
[PlyCount "95"]
[EventDate "2018.02.24"]
[EventCountry "CZE"]
[SourceTitle "Ajedrez en Madrid"]
[Source "lmi"]
[SourceDate "2018.02.24"]

1. c4 e6 2. Nf3 d5 3. d4 Nf6 4. Nc3 Be7 5. Bf4 O-O 6. e3 b6 7. a3 c5 8. dxc5
bxc5 9. Be2 Nc6 10. O-O h6 11. Qa4 Qb6 12. Rfd1 Rd8 13. Rd2 Ne4 14. Nxe4 dxe4
15. Rxd8+ Bxd8 16. Ne5 Bb7 17. b4 Nxe5 18. Bxe5 Bc7 19. Bxc7 Qxc7 20. Rd1 Bc6
21. Qc2 Rd8 22. Rxd8+ Qxd8 23. bxc5 Qa5 24. Qb3 Qxc5 25. Qb8+ Kh7 26. Qc7 Qb6
27. Qxb6 axb6 28. Kf1 Kg8 29. Ke1 Kf8 30. Kd2 Ke7 31. Kc3 Kd6 32. Kb4 g5 33.
Bd1 f5 34. Ba4 Bxa4 35. Kxa4 Kc5 36. Kb3 g4 37. g3 b5 38. cxb5 Kxb5 39. a4+ Kc5
40. Kc3 h5 41. Kb3 Kb6 42. Kb4 Ka6 43. Kc5 Ka5 44. Kd6 Kxa4 45. Kxe6 Kb3 46.
Kxf5 Kc3 47. Kxe4 Kd2 48. f3 1-0

[Event "Liberec Open 2018"]
[Site "Liberec CZE"]
[Date "2018.03.03"]
[Round "9.6"]
[White "Saglam, Buelent"]
[Black "Moravec, Vit"]
[Result "1-0"]
[WhiteElo "2083"]
[BlackElo "2211"]
[PlyCount "51"]
[EventDate "2018.02.24"]
[EventCountry "CZE"]
[SourceTitle "Ajedrez en Madrid"]
[Source "lmi"]
[SourceDate "2018.02.24"]

1. d4 Nf6 2. c4 e6 3. Nc3 Bb4 4. e3 c5 5. Nge2 cxd4 6. exd4 d5 7. c5 O-O 8. a3
Ba5 9. b4 Bc7 10. Nb5 e5 11. Nxc7 Qxc7 12. dxe5 Qxe5 13. Qd4 Qxd4 14. Nxd4 Re8+
15. Be3 Nc6 16. O-O-O Ng4 17. Bb5 Bd7 18. Nc2 d4 19. Bxd4 Nxd4 20. Bxd7 Nxc2
21. Bxe8 Nxa3 22. Rhe1 Nf6 23. Ba4 a5 24. b5 Rc8 25. Kb2 Nc4+ 26. Kb3 1-0